000 00731nam a2200241Ia 4500
003 OSt
005 20220927105032.0
006 a|||||r|||| 00| 0
007 ta
008 220926b |||||||| |||| 00| 0 eng d
024 _a187117
037 _cReference Collections
040 _aRTL
_cRTL
_beng
041 _2eng
_aeng
082 _a"X9(J741).2.N67<-N50r, K7"
110 _aNorthbook Jute Company Limited
_9369762
245 0 _a"Annual report,1950"
260 _aCalcutta
_bNorthbook Jute Company Limited
_c1950
300 _a17p
_ccm.
700 _aNorthbook Jute Company Limited
_9369763
942 _h"X9(J741).2.N67<-N50r, K7"
_cCC
999 _c690396
_d690396